| 000 | 00987cad a22002295a 4500 | ||
|---|---|---|---|
| 001 | E152327 | ||
| 008 | 110221s2010 xxk f lf000 0 eng d | ||
| 035 | _a(Sirsi) u152327 | ||
| 041 | 0 | _aeng | |
| 110 | 2 |
_aUnited Kingdom _kLaws, etc _95044 |
|
| 245 | 0 | 0 |
_aEquality Act 2010 _h[electronic resource] |
| 260 |
_aLondon _bNational Archives _c2010 |
||
| 520 | _aConsolidates existing discrimination law, and reinforces the law to support progress on equality. The Act applies to England and Wales and, with the exception of section 190 and Part 15, to Scotland. There are also a few provisions which form part of the law of Northern Ireland. | ||
| 521 | _aAdvanced | ||
| 590 | _aKA | ||
| 650 | 2 | 4 | _aEQUALITY ACT 2010 |
| 651 | 4 |
_aEngland and Wales _y1543- |
|
| 651 | 4 |
_aScotland _y1999- |
|
| 690 | _aMANAGEMENT-BUSINESS MANAGEMENT-DISCRIMINATION | ||
| 856 | 4 | 0 |
_uhttps://www.legislation.gov.uk/ukpga/2010/15/contents _zView the Act free of charge at www.legislation.gov.uk |
| 942 | _n0 | ||
| 999 |
_c111999 _d111999 |
||